00281nam a2200109Ia 4500008004100000041000800041082001500049100001800064245004300082260002700125300001900152241015s9999 xx 000 0 und d aeng a338.04 PRU aSarika Pruthi aGlobal Entrepreneurship And Innovation bSageaLOS ANGELEc2023 a498;. P. 23 cm